Dzień, na który z niecierpliwością czekają wszystkie dzieci. - Statystyki

Ogólne statystyki
  • Ten quiz został rozwiązany 49 razy
  • Średni wynik to 4 z 6
Statystyki odpowiedzi
Odpowiedź % Poprawnych
Urodziny
83%
Dzień Dziecka
75%
Wakacje
70%
Wigilia
70%
Ferie
45%
Mikołajki
40%
Nie znaleziono quizów pasujących do podanych kryteriów
Rozkład punktacji
Procent ludzi z każdym wynikiem
Percentyl według liczby udzielonych odpowiedzi
Twoja historia wyników
Nie rozwiązałeś tego quizu